Current issues in comparative grammar
| Published in: | Studies in natural language and linguistic theory |
|---|---|
| Main Author: | |
| Content type: | Book |
| Published: |
Dordrecht [etc.]:
Kluwer
1996
|
| Series: | Studies in natural language and linguistic theory ; 35 |
| Source: | MPIPL_cat |
MARC
| LEADER | 00000nam a2200000 ub4500 | ||
|---|---|---|---|
| 001 | PL0067362 | ||
| 003 | PLI01000000000000000065485 | ||
| 005 | 00000000000000.0 | ||
| 008 | ||| u | ||
| 020 | |a 0-7923-3778-6 | ||
| 020 | |a 9780792337782 | ||
| 090 | |a 210-Cur/1 | ||
| 100 | 1 | |a Freidin, Robert |e [ed.] | |
| 245 | 0 | 0 | |a Current issues in comparative grammar |c ed. by Robert Freidin |
| 260 | |a Dordrecht [etc.] |b Kluwer |c 1996 | ||
| 300 | |a XI, 382 p. | ||
| 490 | 0 | |a Studies in natural language and linguistic theory |v 35 | |
| 650 | 4 | |a Grammar, Comparative and general | |
| 830 | 0 | |w PL0000540 | |
| 852 | |c 210-Cur/1 |m BOOK | ||
| 989 | |a A97-01 | ||